000 00584nam a22001577a 4500
999 _c533484
_d533484
020 _qHard Cover.
082 _a624.1
100 _aMuhammad Naveed Aslam Metla.
245 _a A Study of Partial Replacements of Fine Aggregates and Cement in Self-Consolidating Cementitious Systems /
_cMuhammad Naveed Aslam Metla.
260 _aIslamabad :
_bNICE - NUST,
_c2014.
300 _axv, 86 p. : ill. ;
_c30cm.
942 _2ddc
_cTHE
650 _aMS Thesis Structural Engineering.
_927404
700 _aProf. Dr. Ali Rizwan.
_927405